Statistiques concernant Communes limitrophes de Toulon

Cliquez ici pour prendre le quiz!

Statistiques générales

  • Ce quiz a été pris 70 fois
  • Le résultat moyen est 4 sur 7

Statistiques - réponses

Villes% Correct
La Garde
89%
La Seyne-sur-Mer
85%
Ollioules
78%
La Valette-du-Var
74%
Le Revest-Les-Eaux
61%
Evenos
28%
Saint-Mandrier-sur-Mer
28%

Distribution des résultats

Percentile par nombre de réponses

% des personnes avec chaque résultat

Votre développement - résultats

Vous n’avez pas pris ce quiz